| 000 | 00804nab a2200253 u 4500 | ||
|---|---|---|---|
| 001 | 13722 | ||
| 003 | HDC | ||
| 007 | cr bn ---aaaaa | ||
| 008 | 210213c mydr|nes 0 a may d | ||
| 040 | _aHDC | ||
| 100 |
_aFadzil Zainol _eauthor _98154 |
||
| 245 | 0 |
_aASEAN sambut baik laporan PKS / _cby Fadzil Zainol |
|
| 260 |
_aMalaysia: _bUtusan Malaysia, _c2015 |
||
| 336 |
_atext _2rdacontent |
||
| 337 |
_acomputer _2rdamedia |
||
| 338 |
_aonline resource _2rdacarrier |
||
| 650 |
_aeconomy _91877 |
||
| 650 |
_ainvestors _98723 |
||
| 710 | _aUtusan Malaysia | ||
| 856 | _zRequest full-text at [email protected] | ||
| 942 | _2lcc | ||
| 942 | _cNEWS | ||
| 942 | _kNSWC 004539 | ||
| 999 |
_c11038 _d11038 |
||